000
00305nam a22001337a 4500
008
170627b xxu||||| |||| 00| 0 eng d
020
_a
394307150
041
_a
eng
080
_a
328
100
_a
21
101
_a
SHP
245
_a
A PRIMER ON GOVERNMENT SPENDING
_c
HEILBRONER.R.L
942
_2
udc
_c
BK
999
_c
19136
_d
19136